[Event "ENG-ch Chessable"]
[Site "Kenilworth"]
[Date "2022.05.19"]
[Round "1"]
[White "Jackson, James P"]
[Black "Southcott Moyers, Indy"]
[Result "1/2-1/2"]
[WhiteElo "2400"]
[BlackElo "2028"]
[PlyCount "98"]
[EventDate "2022.05.19"]
[EventType "swiss"]
[EventRounds "7"]
[EventCountry "ENG"]
[SourceTitle "CBM 208 Extra"]
[Source "ChessBase"]
[SourceDate "2022.07.31"]
[SourceVersion "1"]
[SourceVersionDate "2022.07.31"]
[SourceQuality "1"]

1. e4 e5 2. Nf3 Nc6 3. Bc4 Bc5 4. c3 Nf6 5. d3 d6 6. 0-0 h6 7. Re1 0-0 8. h3 a5 9. d4 Bb6 10. Bb3 Re8 11. Bc2 exd4 12. cxd4 Nb4 13. Nc3 Nxc2 14. Qxc2 Be6 15. d5 Bd7 16. Be3 c6 17. dxc6 Bxc6 18. Bd4 Rc8 19. Qd3 Nd7 20. Rad1 Ne5 21. Qe2 Nxf3+ 22. Qxf3 Bxd4 23. Rxd4 Qb6 24. Rxd6 Qxb2 25. Re3 Qb4 26. Qf4 Rcd8 27. Rxd8 Rxd8 28. Qc7 Rd7 29. Qb8+ Qf8 30. Qe5 a4 31. Rg3 f6 32. Qh5 Qd6 33. Qe8+ Qf8 34. Qg6 Qd6 35. Qg4 b5 36. a3 Qe5 37. Kh2 h5 38. Qh4 Rd3 39. Nd5 Bxd5 40. exd5 Rxg3 41. fxg3 Qxd5 42. Qb4 Qe5 43. h4 g5 44. hxg5 fxg5 45. Kg1 Qxg3 46. Qxb5 Qe1+ 47. Kh2 Qh4+ 48. Kg1 Qe1+ 49. Kh2 Qh4+ 1/2-1/2

[Event "BCF-chT 2122 (4NCL)"]
[Site "England"]
[Date "2022.02.13"]
[Round "4.22"]
[White "Jackson, James P"]
[Black "Wadsworth, Matthew J"]
[Result "1/2-1/2"]
[WhiteElo "2407"]
[BlackElo "2435"]
[PlyCount "97"]
[EventDate "2021.11.27"]
[EventType "team-swiss"]
[EventRounds "11"]
[EventCountry "ENG"]
[SourceTitle "EXT 2023"]
[Source "ChessBase"]
[SourceDate "2022.10.05"]
[SourceVersion "1"]
[SourceVersionDate "2022.10.05"]
[SourceQuality "1"]
[WhiteTeam "Barbican"]
[BlackTeam "Guildford Young Guns"]
[WhiteTeamCountry "ENG"]
[BlackTeamCountry "ENG"]

1. d4 d5 2. c4 c6 3. Nf3 Nf6 4. Nc3 a6 5. a4 e6 6. Bg5 Be7 7. e3 h6 8. Bh4 0-0 9. Be2 dxc4 10. Ne5 c5 11. dxc5 Qxd1+ 12. Rxd1 Bxc5 13. Bf3 Ra7 14. Nxc4 b5 15. Ne5 bxa4 16. Nd3 Be7 17. Nxa4 Bb7 18. Ke2 Bxf3+ 19. Kxf3 Nc6 20. Rc1 Rd8 21. Ke2 Nb4 22. Nxb4 Bxb4 23. Rhd1 Rxd1 24. Rxd1 Rc7 25. Bxf6 gxf6 26. Kd3 Rc6 27. b3 f5 28. Rb1 Kg7 29. Rb2 e5 30. f3 Kg6 31. g3 h5 32. e4 Kg5 33. Rf2 h4 34. f4+ exf4 35. Rxf4 fxe4+ 36. Kxe4 hxg3 37. hxg3 f6 38. Nb2 Be1 39. Nc4 Bxg3 40. Rf5+ Kg6 41. Rf1 Rc5 42. Ra1 Rb5 43. Rxa6 Rxb3 44. Ra3 f5+ 45. Kd5 Rxa3 46. Nxa3 Kg5 47. Nb5 Kg4 48. Nd4 f4 49. Ke4 1/2-1/2

[Event "BCF-chT 2122 (4NCL)"]
[Site "England"]
[Date "2021.11.28"]
[Round "2.41"]
[White "Jackson, James P"]
[Black "Adair, James R"]
[Result "1/2-1/2"]
[WhiteElo "2407"]
[BlackElo "2444"]
[PlyCount "48"]
[EventDate "2021.11.27"]
[EventType "team-swiss"]
[EventRounds "11"]
[EventCountry "ENG"]
[SourceTitle "EXT 2023"]
[Source "ChessBase"]
[SourceDate "2022.10.05"]
[SourceVersion "1"]
[SourceVersionDate "2022.10.05"]
[SourceQuality "1"]
[WhiteTeam "Barbican"]
[BlackTeam "Chessable White Rose"]
[WhiteTeamCountry "ENG"]
[BlackTeamCountry "ENG"]

1. d4 Nf6 2. c4 e6 3. Nf3 d5 4. Nc3 a6 5. cxd5 exd5 6. Bg5 c6 7. Qc2 Be6 8. e3 Bd6 9. Bd3 Nbd7 10. 0-0 h6 11. Bh4 Qc7 12. Ne2 0-0 13. Bg3 Rfe8 14. Bxd6 Qxd6 15. Ng3 Bg4 16. Rac1 a5 17. h3 Be6 18. Nh4 Qe7 19. Nhf5 Qf8 20. Rfe1 Bxf5 21. Bxf5 g6 22. Bd3 h5 23. Nf1 Rac8 24. Nd2 c5 1/2-1/2